| 000 | 01192cam a22002774a 4500 | ||
|---|---|---|---|
| 001 | 2631152 | ||
| 005 | 20241025134006.0 | ||
| 008 | 990601s1999 nyua b 001 0 eng | ||
| 020 | _a1572304812 (hardcover : alk. paper) | ||
| 050 | 0 | 0 |
_aRC489.C62 _bH39 1999 |
| 100 | 1 | _aHayes, Steven C. | |
| 245 | 1 | 0 |
_aAcceptance and commitment therapy : _ban experiential approach to behavior change / _cSteven C. Hayes, Kirk D. Strosahl, Kelly G. Wilson. |
| 260 |
_aNew York : _bGuilford Press, _c1999. |
||
| 300 |
_axvi, 304 p. : _bill. ; _c24 cm. |
||
| 500 | _aIncludes references and index | ||
| 650 | 0 | _aAcceptance and commitment therapy. | |
| 650 | 0 | _aValues clarification. | |
| 650 | 0 | _aLanguage and emotions. | |
| 700 | 1 |
_aStrosahl, Kirk, _d1950- |
|
| 700 | 1 | _aWilson, Kelly G. | |
| 856 | 4 | 2 |
_3Contributor biographical information _uhttp://www.loc.gov/catdir/bios/guilford051/99032741.html |
| 856 | 4 | 2 |
_3Publisher description _uhttp://www.loc.gov/catdir/description/guilford051/99032741.html |
| 856 | 4 | 1 |
_3Table of contents _uhttp://www.loc.gov/catdir/toc/guilford041/99032741.html |
| 856 | 4 | 1 |
_3Sample text _uhttp://www.loc.gov/catdir/enhancements/fy0705/99032741-s.html |
| 942 |
_2lcc _cBK _n0 |
||
| 999 |
_c194 _d194 |
||